El conflicto en contexto Un anl̀isis en cinco regiones colombianas, 1998-2014 /

Bibliographic Details
Main Author: Ladrn̤ de Guevara, Andrš Dv̀ila
Other Authors: Salazar Arbelèz, Gustavo Adolfo, Gonzl̀ez-Chavarra̕, Alexander
Format: eBook
Language:Spanish
Published: Bogot:̀ Pontificia Universidad Javeriana, 2016
Subjects:
Online Access:Acceso restringido

MARC

LEADER 00000nam a22000007a 4500
005 20201210234226.0
007 cr|||| ||||
008 201210s2016 co |||||s|||| 00||0 spa d
020 |a 978-958-716-939-3 
035 |a 32314 
040 |a vLex 
090 |c 10930  |d 10930 
100 1 |a Ladrn̤ de Guevara, Andrš Dv̀ila 
245 1 2 |a El conflicto en contexto  |h [Recurso electrn̤ico] :  |b Un anl̀isis en cinco regiones colombianas, 1998-2014 /  |c Andrš Dv̀ila Ladrn̤ de Guevara, Gustavo Adolfo Salazar Arbelèz, Alexander Gonzl̀ez-Chavarra̕ 
256 |a Servicio en ln̕ea 
260 |a Bogot:̀  |b Pontificia Universidad Javeriana,  |c 2016 
300 |a 1 recurso electrn̤ico 
500 |a El libro examina cinco regiones colombianas (Arauca, Cauca, Meta, el nordeste antioqueǫ y el sur de Bolv̕ar) para responder al -deber de memoria-; en correspondencia con los objetivos de la justicia transicional en el marco del fortalecimiento de la democracia, como qued ̤consignado en la Ley de Vc̕timas y Restitucin̤ de Tierras. Al ayudar en la construccin̤ de la memoria histr̤ica, este libro indica el camino a seguir para la reconciliacin̤ y la paz. La tarea no apunta a la definicin̤ de una memoria n︢ica, compartida y aceptada por todos, pues la memoria es una zona de disputa y controversia. Se pretende construir una visin̤ clara y documentada del conflicto para resignificar el pasado. 
506 1 |a Disponible solo en los productos indicados  |d vLex Global  |d vLex Global (Academic Edition, excluding Law Schools)  |d vLex Global (U.S. Academic Edition, Law Schools)  |d vLex Global (U.S. Academic Edition, excluding Law Schools)  |d vLex Global (Academic Edition, Law Schools) 
650 0 4 |a Ciencias sociales  |z Colombia 
650 0 4 |a Humanidades  |z Colombia 
700 1 |a Salazar Arbelèz, Gustavo Adolfo 
700 1 |a Gonzl̀ez-Chavarra̕, Alexander 
740 0 |a vLex Libros (Servicio en ln̕ea) 
856 4 0 |u http://vlex.com/source/conflicto-en-contexto-un-analisis-en-cinco-regiones-colombianas-1998-2014-32314  |z Acceso restringido 
942 |c BOOK 
999 0 |a Social Sciences 
999 0 |a Humanities